| 000 | 00480nam a22001457a 4500 | ||
|---|---|---|---|
| 008 | 230227b |||||||| |||| 00| 0 eng d | ||
| 020 | _a978-93-88423-64-9 | ||
| 082 | _a158.1 | ||
| 100 | _aNina Purewal and Kate Petriw | ||
| 245 |
_aLet that sh*t go; _bFind peace of mind and happiness in your everyday life _cNina Purewal and Kate Petriw |
||
| 260 |
_aMumbai: _bJaico Publishing House, _c2019 |
||
| 300 |
_a346 p. _c21.5 cm |
||
| 942 | _2ddc | ||
| 999 |
_c9335 _d9336 |
||